00342nam a2200145Ia 450000500170000000800410001704100120005808200110007010000160008124500290009725000080012626000330013450000080016765000210017520240823031958.0240823s9999||||xx |||||||||||||| ||und|| aENGLISH A823 Q1 aNarayan R K 4aThe Man Eater of Malgudi a1st c2011bIndian Thought Publica aYES amalgudibEnglish